Výchova a vzdelávanie jedincov s mentálnym postihnutím

Výchova a príprava detí s mentálnym postihnutím na vzdelávanie a školskú dochádzku. Vplyv rodinného prostredia a zapájanie detí do pracovných úloh a povinností. Adaptácia na školské prostredie.

Enregistré dans:
Détails bibliographiques
Auteur principal: Hajduová, Zuzana, 1974-
Autres auteurs: Majcherová, Katarína
Format: Chapitre de livre
Langue:slovaque
Sujets:
Tags: Ajouter un tag
Pas de tags, Soyez le premier à ajouter un tag!

MARC

LEADER 00000naa$a2200000$$$4500
001 0143682
005 20240502072557.5
041 0 |a slo 
044 |a SK 
245 1 0 |a Výchova a vzdelávanie jedincov s mentálnym postihnutím  |c Recenzenti: prof. Amantius Akimjak, PhD., prof. Jolanta Karbowniczek 
520 |a Výchova a príprava detí s mentálnym postihnutím na vzdelávanie a školskú dochádzku. Vplyv rodinného prostredia a zapájanie detí do pracovných úloh a povinností. Adaptácia na školské prostredie. 
610 2 0 |a školy základné 
610 2 0 |a vzdelávanie 
610 2 0 |a výchova 
610 2 0 |a rodina 
610 2 0 |a socializácia 
610 2 0 |a adaptácia 
610 2 0 |a vyučovanie 
610 2 0 |a deti 
610 2 0 |a osoby zdravotne postihnuté 
100 1 |a Hajduová, Zuzana, 1974- 
700 1 |a Majcherová, Katarína